000
00493nam a2200181Ia 4500
008
090122s9999 xx 000 0 und d
082
_b
12707
100
_a
कदम
_b
अनंत
245
_a
विस्कट
260
_b
अनघा प्रकाशन
_c
2005
300
_a
192
501
_a
व्हि के बुक एजन्सीज
600
_a
कदम
630
_a
विस्कट
700
_a
कदम
730
_a
विस्कट
942
_c
BOOK
999
_c
36784
_d
36784